000 00798nab a2200241u 4500
001 09286
003 HDC
007 c| |||a|c|aaaa
008 210131b20141118my ||||| |||| 00| 0 eng d
040 _aHDC
100 _aSharen Kaur /
_eauthor
_98547
245 0 _aFGV plans to invest RM1b in Cambodia /
_cSharen Kaur
336 _atext
_2rdacontent
337 _acomputer
_2rdamedia
338 _aonline resource
_2rdacarrier
650 _aCambodia's Plantation
_99618
650 _aFELDA Global Ventures Holdings (FGV)
_99597
710 _aNew Straits Times
856 _zRequest full-text at [email protected]
942 _2lcc
942 _cNEWS
942 _kNWSC 001573
999 _c6609
_d6609